| 000 | 01272nam a22002537a 4500 | ||
|---|---|---|---|
| 001 | 000148113 | ||
| 003 | AM-YeHGA | ||
| 005 | 20250617123034.0 | ||
| 008 | 950417s1987 ru ||||| |||| 00| 0 rus d | ||
| 040 | _aAM-YeHGA | ||
| 041 | 0 | _arus | |
| 100 | 1 | _aШпунт, Борис Романович | |
| 245 | 1 | 0 |
_aПозднедокембрийский рифтогенез Сибирской платформы : _b(Тектоно-формационный анализ) / _cБ.Г. Шпунт ; АН СССР, Сиб. отд-ние, Якут. фил., Ин-т геологии. |
| 260 | 0 |
_aЯкутск : _bАН СССР. Сиб. отд-ние. Якутский фил., _c1987. |
|
| 300 |
_a137,[2] с., [1] : _bил. ; _c22 см. |
||
| 500 | _aБиблиогр.: с. 128-138 | ||
| 650 | 1 | 4 | _aГеологические формации - Докембрий - Сибирская платформа |
| 650 | 1 | 4 | _aРазломы глубинные - Сибирская платформа |
| 650 | 1 | 4 | _aСибирская платформа - Тектонический анализ |
| 650 | 1 | 4 | _aСибирская платформа, (геол.) |
| 710 | 2 | _aИн-т геологии Якутского фил. СО АН СССР | |
| 942 |
_2udc _cBK |
||
| 090 | _c50940 | ||
| 999 |
_c50167 _d50167 |
||